000 00199 a2200085 4500
020 _a9781498707299
100 _aTIANJIAN JI
245 _aUNDERSTANDING AND USING STRUCTURAL CONCEPTS
260 _bCRC PRESS
999 _c13033
_d13033